Biggest Cities in India (Extreme) - Statistics

General Stats
  • This quiz has been taken 690 times
    593 since last reset
  • The average score is 75 of 397
Answer Stats
Population State City % Correct
12,442,373 Maharashtra Mumbai
98%
11,034,555 National Capital Territory Delhi
97%
257,803 National Capital Territory New Delhi
97%
4,496,694 West Bengal Kolkata
96%
6,993,262 Telangana Hyderabad
94%
8,495,492 Karnataka Bengaluru
93%
4,646,732 Tamil Nadu Chennai
93%
5,633,927 Gujarat Ahmedabad
91%
3,046,163 Rajasthan Jaipur
89%
3,124,458 Maharashtra Pune
87%
2,817,105 Uttar Pradesh Lucknow
85%
4,501,610 Gujarat Surat
82%
1,585,704 Uttar Pradesh Agra
81%
2,405,665 Maharashtra Nagpur
78%
1,994,397 Madhya Pradesh Indore
76%
1,798,218 Madhya Pradesh Bhopal
75%
2,768,057 Uttar Pradesh Kanpur
75%
1,684,297 Bihar Patna
74%
1,198,491 Uttar Pradesh Varanasi
72%
1,159,227 Punjab Amritsar
70%
1,056,191 Rajasthan Jodhpur
70%
633,553 Kerala Kochi
67%
1,206,419 Jammu and Kashmir Srinagar
63%
1,050,721 Tamil Nadu Coimbatore
62%
1,728,128 Andhra Pradesh Visakhapatnam
61%
970,602 Chandigarh Chandigarh
60%
1,168,385 Uttar Pradesh Prayagraj
58%
788,271 Kerala Thiruvananthapuram
58%
1,618,879 Punjab Ludhiana
57%
1,323,363 Gujarat Rajkot
57%
1,027,264 Chhattisgarh Raipur
56%
1,486,053 Maharashtra Nashik
55%
1,017,865 Tamil Nadu Madurai
53%
1,752,371 Gujarat Vadodara
53%
920,550 Karnataka Mysuru
51%
1,648,643 Uttar Pradesh Ghaziabad
50%
1,054,420 Madhya Pradesh Gwalior
50%
1,305,429 Uttar Pradesh Meerut
50%
962,334 Assam Guwahati
49%
102,244 Bihar Aurangabad
48%
885,363 Odisha Bhubaneswar
48%
576,198 Jammu and Kashmir Jammu
48%
1,073,427 Jharkhand Ranchi
48%
627,734 Chhattisgarh Bhilai Nagar
46%
451,100 Rajasthan Udaipur
46%
1,414,050 Haryana Faridabad
45%
677,350 Jharkhand Jamshedpur
45%
1,001,694 Rajasthan Kota
45%
829,267 Tamil Nadu Salem
45%
637,272 Uttar Pradesh Noida
43%
1,841,488 Maharashtra Thane
43%
1,143,232 Andhra Pradesh Vijayawada
43%
1,081,677 Madhya Pradesh Jabalpur
42%
550,440 Kerala Kozhikode
42%
244,377 Puducherry Puducherry
42%
886,519 Haryana Gurugram
41%
499,487 Karnataka Mangaluru
41%
1,120,547 Maharashtra Navi Mumbai
41%
904,797 Uttar Pradesh Bareilly
40%
1,162,472 Jharkhand Dhanbad
39%
887,871 Uttar Pradesh Moradabad
39%
874,408 Uttar Pradesh Aligarh
38%
951,558 Maharashtra Solapur
38%
847,387 Tamil Nadu Tiruchirappalli
36%
610,189 Odisha Cuttack
35%
574,840 Uttarakhand Dehradun
35%
277,196 Manipur Imphal
34%
563,917 West Bengal Asansol
33%
644,406 Rajasthan Bikaner
32%
268,806 Chhattisgarh Durg
31%
868,929 Punjab Jalandhar
31%
542,321 Rajasthan Ajmer
30%
1,077,075 West Bengal Haora
30%
943,788 Karnataka Hubballi-Dharwad
30%
549,236 Maharashtra Kolhapur
29%
673,446 Uttar Pradesh Gorakhpur
28%
704,570 Telangana Warangal
28%
647,057 Maharashtra Amravati
27%
474,093 Bihar Gaya
27%
513,264 West Bengal Siliguri
27%
566,517 West Bengal Durgapur
26%
547,621 Andhra Pradesh Nellore
26%
108,058 Andaman and Nicobar Islands Port Blair
26%
315,957 Kerala Thrissur
26%
515,215 Madhya Pradesh Ujjain
26%
118,805 West Bengal Darjiling
25%
1,247,327 Maharashtra Kalyan-Dombivli
25%
444,352 Tamil Nadu Tiruppur
25%
100,286 Sikkim Gangtok
24%
670,073 Andhra Pradesh Guntur
24%
505,693 Uttar Pradesh Jhansi
24%
295,323 Andhra Pradesh Tirupati
24%
1,222,390 Maharashtra Vasai-Virar
24%
185,803 Tamil Nadu Vellore
24%
550,439 Maharashtra Nanded
23%
169,578 Himachal Pradesh Shimla
23%
600,943 Gujarat Jamnagar
22%
473,637 Tamil Nadu Tirunelveli
22%
605,882 Gujarat Bhavnagar
21%
705,478 Uttar Pradesh Saharanpur
21%
143,229 Meghalaya Shillong
21%
490,045 Karnataka Belagavi
20%
604,214 Uttar Pradesh Firozabad
20%
367,107 Kerala Kollam
20%
392,768 Uttar Pradesh Muzaffarnagar
20%
311,152 Telangana Nizamabad
20%
446,246 Punjab Patiala
20%
374,292 Haryana Rohtak
20%
400,004 Tripura Agartala
19%
425,817 Maharashtra Akola
19%
169,007 Gujarat Bharuch
19%
320,379 Maharashtra Chandrapur
19%
375,559 Maharashtra Dhule
19%
295,970 Haryana Panipat
19%
152,760 Gujarat Porbandar
19%
200,564 Odisha Puri
19%
325,313 Uttar Pradesh Rampur
19%
320,040 Odisha Raurkela
19%
177,234 Uttar Pradesh Sitapur
19%
292,797 Gujarat Gandhinagar
18%
307,024 Haryana Hisar
18%
543,147 Karnataka Kalaburagi
18%
382,940 Maharashtra Latur
18%
481,228 Maharashtra Malegaon
18%
349,909 Uttar Pradesh Mathura
18%
460,228 Maharashtra Jalgaon
17%
180,362 Uttar Pradesh Jaunpur
17%
384,182 Andhra Pradesh Kakinada
17%
289,821 Telangana Karimnagar
17%
457,633 Andhra Pradesh Kurnool
17%
230,075 Rajasthan Pali
17%
156,306 Punjab Pathankot
17%
282,248 Bihar Purnia
17%
376,333 Andhra Pradesh Rajamahendravaram
17%
235,654 Madhya Pradesh Rewa
17%
274,556 Madhya Pradesh Sagar
17%
350,859 Maharashtra Ahmednagar
16%
293,416 Mizoram Aizawl
16%
267,161 Andhra Pradesh Anantapur
16%
709,665 Maharashtra Bhiwandi-Nizampur
16%
319,462 Gujarat Junagadh
16%
101,386 Kerala Malappuram
16%
354,462 Bihar Muzaffarpur
16%
225,071 Gujarat Nadiad
16%
208,344 Andhra Pradesh Ongole
16%
222,943 Tamil Nadu Thanjavur
16%
302,143 Karnataka Tumakuru
16%
365,579 Chhattisgarh Bilaspur
15%
414,820 Jharkhand Bokaro Steel City
15%
205,521 West Bengal English Bazar
15%
365,253 Chhattisgarh Korba
15%
234,871 Uttar Pradesh Mirzapur
15%
217,071 Haryana Yamunanagar
15%
196,057 Haryana Bhiwani
14%
148,834 Gujarat Bhuj
14%
356,598 Odisha Brahmapur
14%
434,971 Karnataka Davanagere
14%
155,006 Karnataka Hassan
14%
224,849 Tamil Nadu Nagercoil
14%
155,152 Haryana Thanesar
14%
410,445 Karnataka Ballari
13%
216,020 Karnataka Bidar
13%
230,024 Uttar Pradesh Bulandshahr
13%
110,313 Punjab Firozpur
13%
237,780 Rajasthan Ganganagar
13%
102,054 Uttar Pradesh Greater Noida
13%
143,020 Uttar Pradesh Hathras
13%
809,378 Maharashtra Mira-Bhayandar
13%
117,167 Telangana Adilabad
12%
121,071 Chhattisgarh Ambikapur
12%
400,146 Bihar Bhagalpur
12%
210,886 Madhya Pradesh Burhanpur
12%
296,039 Bihar Darbhanga
12%
203,123 Jharkhand Deoghar
12%
122,834 Nagaland Dimapur
12%
207,327 Tamil Nadu Dindigul
12%
218,020 Andhra Pradesh Eluru
12%
157,101 Tamil Nadu Erode
12%
151,677 Andhra Pradesh Hindupur
12%
168,653 Punjab Hoshiarpur
12%
344,893 Andhra Pradesh Kadapa
12%
133,305 Uttar Pradesh Lalitpur
12%
516,082 Uttar Pradesh Loni
12%
141,667 Madhya Pradesh Mandsaur
12%
130,325 Uttar Pradesh Modinagar
12%
200,482 Madhya Pradesh Morena
12%
105,218 Rajasthan Nagaur
12%
117,988 Madhya Pradesh Narmadapuram
12%
131,926 Haryana Palwal
12%
118,200 Uttarakhand Roorkee
12%
217,910 Telangana Secunderabad
12%
102,343 Madhya Pradesh Seoni
12%
322,650 Karnataka Shivamogga
12%
289,333 Haryana Sonipat
12%
237,830 Tamil Nadu Thoothukkudi
12%
144,960 Karnataka Udupi
12%
228,720 Andhra Pradesh Vizianagaram
12%
186,223 Uttar Pradesh Bahraich
11%
285,577 Maharashtra Jalna
11%
302,140 Haryana Karnal
11%
196,283 Telangana Khammam
11%
140,156 Tamil Nadu Kumbakonam
11%
169,264 West Bengal Medinipur
11%
234,073 Karnataka Raichur
11%
154,554 Uttarakhand Rudrapur
11%
109,118 Madhya Pradesh Sehore
11%
329,736 Uttar Pradesh Shahjahanpur
11%
106,805 Telangana Suryapet
11%
163,630 Gujarat Vapi
11%
195,153 Haryana Ambala
10%
466,205 Tamil Nadu Ambattur
10%
209,410 Gujarat Anand
10%
261,430 Bihar Arrah
10%
104,424 Uttar Pradesh Ballia
10%
252,008 Bihar Begusarai
10%
129,479 Uttar Pradesh Deoria
10%
276,581 Uttar Pradesh Farrukhabad
10%
142,489 Jharkhand Hazaribag
10%
107,341 West Bengal Jalpaiguri
10%
128,561 Madhya Pradesh Neemuch
10%
117,630 Tamil Nadu Pudukkottai
10%
189,366 Odisha Sambalpur
10%
502,793 Maharashtra Sangli-Miraj-Kupwad
10%
120,195 Maharashtra Satara
10%
177,851 Gujarat Surendranagar Dudhrej
10%
184,625 Andhra Pradesh Adoni
9%
314,265 West Bengal Barddhaman
9%
152,783 West Bengal Barrackpore
9%
359,483 Rajasthan Bhilwara
9%
104,921 Rajasthan Bhiwadi
9%
187,421 Maharashtra Bhusawal
9%
159,285 Uttar Pradesh Budaun
9%
182,429 Bihar Dinapur Nizamat
9%
193,193 Uttar Pradesh Fatehpur
9%
201,461 Uttarakhand Haldwani
9%
116,821 Tamil Nadu Hosur
9%
103,202 Bihar Jehanabad
9%
448,317 West Bengal Maheshtala
9%
135,424 Punjab Malerkotla
9%
213,303 Bihar Munger
9%
111,037 Maharashtra Nandurbar
9%
130,955 Kerala Palakkad
9%
264,914 Madhya Pradesh Ratlam
9%
143,021 Haryana Rewari
9%
244,497 Rajasthan Sikar
9%
403,316 West Bengal South Dum Dum
9%
106,444 Maharashtra Wardha
9%
104,958 Andhra Pradesh Amaravati
8%
253,475 Maharashtra Ambarnath
8%
114,608 Tamil Nadu Ambur
8%
150,592 Jammu and Kashmir Anantnag
8%
297,268 Bihar Bihar Sharif
8%
102,861 Bihar Buxar
8%
202,352 Bihar Chapra
8%
100,284 Madhya Pradesh Datia
8%
114,786 West Bengal Dum Dum
8%
256,838 Uttar Pradesh Etawah
8%
247,992 Gujarat Gandhidham
8%
114,046 Uttar Pradesh Gonda
8%
105,434 Bihar Jamalpur
8%
100,575 West Bengal Kalyani
8%
240,838 Bihar Katihar
8%
105,782 Bihar Kishanganj
8%
223,805 Jharkhand Mango
8%
100,039 Madhya Pradesh Nagda
8%
117,489 Andhra Pradesh Narasaraopet
8%
249,142 West Bengal North Dum Dum
8%
377,347 West Bengal Panihati
8%
282,977 Madhya Pradesh Satna
8%
181,842 West Bengal Serampore
8%
178,865 Assam Silchar
8%
322,568 Rajasthan Alwar
7%
110,983 Uttar Pradesh Azamgarh
7%
144,373 Odisha Baleshwar
7%
160,473 Uttar Pradesh Banda
7%
245,213 West Bengal Baranagar
7%
197,585 Madhya Pradesh Bhind
7%
145,853 Karnataka Chitradurga
7%
289,550 Madhya Pradesh Dewas
7%
200,827 West Bengal Haldia
7%
118,302 Gujarat Jetpur Navagadh
7%
144,915 Haryana Kaithal
7%
164,384 Tamil Nadu Kancheepuram
7%
180,180 Andhra Pradesh Madanapalle
7%
210,451 Gujarat Morvi
7%
221,883 Madhya Pradesh Murwara
7%
233,984 Tamil Nadu Pallavaram
7%
211,355 Haryana Panchkula
7%
307,170 Maharashtra Parbhani
7%
133,737 Gujarat Patan
7%
179,977 Madhya Pradesh Shivpuri
7%
235,345 West Bengal Uluberia
7%
117,967 Gujarat Amreli
6%
293,373 West Bengal Bally
6%
285,788 Punjab Bathinda
6%
215,514 West Bengal Bidhannagar
6%
175,052 Madhya Pradesh Chhindwara
6%
139,561 Madhya Pradesh Damoh
6%
145,488 Assam Dibrugarh
6%
180,935 Madhya Pradesh Guna
6%
150,958 Rajasthan Hanumangarh
6%
200,738 Madhya Pradesh Khandwa
6%
137,358 Karnataka Mandya
6%
163,397 Punjab Moga
6%
126,158 Bihar Motihari
6%
121,628 Assam Nagaon
6%
211,424 Andhra Pradesh Nandyal
6%
171,109 Gujarat Navsari
6%
182,534 Haryana Sirsa
6%
116,322 Assam Tinsukia
6%
249,446 Tamil Nadu Tiruvottiyur
6%
155,951 Madhya Pradesh Vidisha
6%
327,427 Karnataka Vijayapura
6%
116,551 Maharashtra Yavatmal
6%
240,991 Kerala Alappuzha
5%
198,471 Uttar Pradesh Amroha
5%
114,657 Uttar Pradesh Basti
5%
116,406 Rajasthan Chittaurgarh
5%
262,983 Uttar Pradesh Hapur
5%
206,167 Karnataka Hosapete
5%
125,463 Chhattisgarh Jagdalpur
5%
167,592 Haryana Jind
5%
207,604 West Bengal Kharagpur
5%
169,892 Andhra Pradesh Machilipatnam
5%
278,745 Uttar Pradesh Maunath Bhanjan
5%
150,019 Chhattisgarh Raigarh
5%
163,114 Chhattisgarh Rajnandgaon
5%
156,540 Bihar Saharsa
5%
135,066 Bihar Siwan
5%
506,098 Maharashtra Ulhasnagar
5%
139,764 Gujarat Valsad
5%
345,996 Tamil Nadu Avadi
4%
116,449 Punjab Barnala
4%
158,621 Punjab Batala
4%
151,152 Rajasthan Beawar
4%
195,223 West Bengal Berhampore
4%
132,209 Bihar Bettiah
4%
103,330 Madhya Pradesh Betul
4%
252,838 Rajasthan Bharatpur
4%
142,128 Madhya Pradesh Chhatarpur
4%
160,722 Andhra Pradesh Chittoor
4%
147,221 West Bengal Habra
4%
287,353 Maharashtra Ichalkaranji
4%
126,736 Assam Jorhat
4%
138,462 Karnataka Kolar
4%
190,575 Uttar Pradesh Orai
4%
180,020 Maharashtra Panvel
4%
191,316 Uttar Pradesh Rae Bareli
4%
183,612 West Bengal Raiganj
4%
220,813 Uttar Pradesh Sambhal
4%
147,408 Bihar Sasaram
4%
220,257 Madhya Pradesh Singrauli
4%
137,944 Andhra Pradesh Srikakulam
4%
164,937 Andhra Pradesh Tenali
4%
145,278 Tamil Nadu Tiruvannamalai
4%
177,658 Uttar Pradesh Unnao
4%
116,849 Odisha Baripada
3%
118,401 Karnataka Chikkamagaluru
3%
147,688 Bihar Hajipur
3%
128,137 Punjab Khanna
3%
116,150 Madhya Pradesh Khargone
3%
313,809 West Bengal Kulti
3%
190,400 Telangana Mahbubnagar
3%
126,200 Madhya Pradesh Pithampur
3%
121,106 Rajasthan Sawai Madhopur
3%
145,302 Punjab Abohar
2%
278,435 West Bengal Barasat
2%
386,019 West Bengal Bhatpara
2%
146,961 Andhra Pradesh Bhimavaram
2%
111,160 Gujarat Deesa
2%
137,231 Bihar Dehri
2%
121,874 Andhra Pradesh Dharmavaram
2%
143,644 Gujarat Godhra
2%
112,197 Gujarat Gondal
2%
126,270 Andhra Pradesh Guntakal
2%
224,281 National Capital Territory Karawal Nagar
2%
154,886 Rajasthan Kishangarh
2%
116,747 Punjab Muktsar
2%
205,596 National Capital Territory Nangloi Jat
2%
129,441 West Bengal Raniganj
2%
151,777 West Bengal Santipur
2%
130,327 Gujarat Botad
1%
101,677 Chhattisgarh Dhamtari
1%
118,167 Andhra Pradesh Gudivada
1%
330,211 West Bengal Kamarhati
1%
190,005 Uttar Pradesh Khora
1%
283,211 National Capital Territory Kirari Suleman Nagar
1%
104,918 Telangana Miryalaguda
1%
300,104 Puducherry Ozhukarai
1%
242,979 Telangana Ramagundam
1%
181,554 National Capital Territory Sultan Pur Majra
1%
104,032 Andhra Pradesh Tadepalligudem
1%
197,148 National Capital Territory Bhalswa Jahangir Pur
0%
114,533 Jharkhand Giridih
0%
196,127 West Bengal Madhyamgram
0%
217,900 West Bengal Naihati
0%
107,404 Uttar Pradesh Shikohabad
0%
No matching quizzes found
Score Distribution
Percent of People with Each Score
Percentile by Number Answered
Your Score History
You have not taken this quiz since the last reset